000 00641nam a2200229Ia 4500
003 OSt
005 20220928125113.0
006 a|||||r|||| 00| 0
007 ta
008 220927b |||||||| |||| 00| 0 eng d
024 _a33381
037 _cTextual
040 _aSDCL
_cSDCL
_beng
041 _2eng
_aeng
082 _aV2:198,(X), K8
100 _aMiller J D B
_9467999
245 0 _aIndia,Japan,Australia
_b Partners in Asia?
260 _aCanberra
_bAustralian National University Press
_c1968
300 _axvii,214p
_ccm.
942 _hV2:198,(X), K8
_cTEXL
_2CC
999 _c780887
_d780887